=LDR 00000nam 2200000 4500 =001 INLIS000000000060079 =005 20220103095816 =035 ##$$a 0010-0122000015 =007 ta =008 220103###########################0#ind## =020 ##$$a 979-428-624-9 =082 ##$$a R. 611.03 =084 ##$$a R. 611.03 Hen k =245 1#$$a Kamus Anatomi /$c Dr. Hendra T. Laksman =300 ##$$a xxv, 269 halaman ; $c 22 cm. =650 #4$$a Anatomi Manusia - Kamus =264 ##$$a jakarta :$b Djamabatan,$c 2005 =336 ##$$a teks$2 rdacontent =337 ##$$a lain-lain$2 rdamedia =338 ##$$a lain-lain$2 rdacarrier =990 ##$$a 00190019